Retailing/ (Record no. 3704)
[ view plain ]
| 000 -LEADER | |
|---|---|
| fixed length control field | 00609nam a22001817a 4500 |
| 008 - FIXED-LENGTH DATA ELEMENTS--GENERAL INFORMATION | |
| fixed length control field | 160805b xxu||||| |||| 00| 0 eng d |
| 020 ## - INTERNATIONAL STANDARD BOOK NUMBER | |
| International Standard Book Number | 978-9-81422184-9 |
| 082 ## - DEWEY DECIMAL CLASSIFICATION NUMBER | |
| Edition number | 2007 |
| Classification number | DC 658.87 |
| Item number | D92r |
| 100 ## - MAIN ENTRY--PERSONAL NAME | |
| 9 (RLIN) | 12333 |
| Personal name | Dunne, Patrick M. |
| 245 ## - TITLE STATEMENT | |
| Title | Retailing/ |
| Statement of responsibility, etc. | Patrick M. Dunne and Robert F. Lusch. |
| 250 ## - EDITION STATEMENT | |
| Remainder of edition statement | 5th edition |
| 260 ## - PUBLICATION, DISTRIBUTION, ETC. (IMPRINT) | |
| Place of publication, distribution, etc. | Australia: |
| Name of publisher, distributor, etc. | Thomson South-Western, |
| Date of publication, distribution, etc. | c2007. |
| 300 ## - PHYSICAL DESCRIPTION | |
| Extent | xxvi, 550 pages: |
| Other physical details | illustrations; |
| Dimensions | 25 cm. |
| 500 ## - GENERAL NOTE | |
| General note | Includes bibliographical references and index.<br/> |
| 650 #0 - SUBJECT ADDED ENTRY--TOPICAL TERM | |
| 9 (RLIN) | 12334 |
| Topical term or geographic name as entry element | Retail trade |
| 700 ## - ADDED ENTRY--PERSONAL NAME | |
| 9 (RLIN) | 12335 |
| Personal name | Lusch, Robert F. |
| Relator term | Author |
| 942 ## - ADDED ENTRY ELEMENTS (KOHA) | |
| Source of classification or shelving scheme | Dewey Decimal Classification |
| Koha item type | Circulation |
| Withdrawn status | Lost status | Source of classification or shelving scheme | Damaged status | Not for loan | Collection code | Home library | Current library | Date acquired | Source of acquisition | Total Checkouts | Full call number | Barcode | Date last seen | Copy number | Price effective from | Koha item type | Date last checked out |
|---|---|---|---|---|---|---|---|---|---|---|---|---|---|---|---|---|---|
| Dewey Decimal Classification | Circulation | UM Digos College - LIC | UM Digos College - LIC | 07/13/2011 | Photocopied | DC 658.87 D92r 2007 | 21627 | 06/08/2021 | 2 | 08/05/2016 | Circulation | ||||||
| Dewey Decimal Classification | Circulation | UM Digos College - LIC | UM Digos College - LIC | 06/23/2009 | Purchased | 1 | DC 658.87 D92r 2007 | 20232 | 05/15/2025 | 1 | 08/05/2016 | Circulation | 12/07/2017 |
